000 00980nam a22002175i 4500
001 158169
003 ES-MaACL
005 20250806051730.0
008 970723s1895 sp |||| | spa d
040 _aCYL
_bspa
_cCYL
100 1 _aLozano Monzón, Ricardo.
_9129107
245 1 4 _aLos grandes procesos
_b: (bradytrofias, autointoxicaciones, infecciones, arterio-esclerosis y Neuropatias) /
_cpor Ricardo Lozano Monzón.
260 _aZaragoza :
_b[s.n.],
_c1895 (
_fTip. de Casañal y Compª.)
300 _a97 p. ;
_c24 cm.
530 _aDisponible también en sitio web.
594 1 _aPrecede al tít.: Memoria del doctorado.
650 0 7 _aEnfermedades
_2embne
_912257
852 _aES-MaACL
_jT-784-F-5
_z-- Enc. hol. conservando la cub. original
_z-- Donativo del autor
_z-- Enc. en un vol. facticio
856 _uhttp://bibliotecadigitalhispanica.bne.es:80/webclient/DeliveryManager?pid=1833173&custom_att_2=simple_viewer
_zIr a la página
999 _c158169
_d158169